The Kruger National Park (Record no. 383673)

MARC details
000 -LEADER
fixed length control field 00278nam a2200097Ia 4500
082 ## - DEWEY DECIMAL CLASSIFICATION NUMBER
Classification number 916.82710466 EWAR
008 - FIXED-LENGTH DATA ELEMENTS--GENERAL INFORMATION
fixed length control field 210817s9999 xx 000 0 und d
100 ## - MAIN ENTRY--PERSONAL NAME
Personal name Ewart-Smith, Cameron Cape Town, 2009 3rd ed
9 (RLIN) 28218
245 #0 - TITLE STATEMENT
Title The Kruger National Park
942 ## - ADDED ENTRY ELEMENTS
item type Books
Holdings
Withdrawn status Lost status Damaged status Not for loan Home library Current library Date acquired Cost, normal purchase price Total Checkouts Barcode Date last seen Price effective from item type
        Perdekop (do not use) Perdekop (do not use) 20.08.2021 156.00   33228023543307 20.08.2021 20.08.2021 Books